| 000 | 00000nam 2200000za 4500 |
| 001 | 9.594640 |
| 003 | CaOODSP |
| 005 | 20210624202525 |
| 007 | cr ||||||||||| |
| 008 | 150406s2007||||xxc|||||o f|0| 0 fre d |
| 020 | |a978-0-662-09347-3 |
| 040 | |aCaOODSP|bfre |
| 043 | |an-cn--- |
| 086 | 1 |aCW69-14/529-2007F-PDF |
| 110 | 2 |aService canadien de la faune. |
| 245 | 13|aMise à jour, évaluation et rapport de situation du COSEPAC sur la couleuvre obscure de l'Est, Elaphe spiloides, population des Grands Lacs et du Saint-Laurent, population carolinienne |h[ressource électronique]. |
| 260 | |bEnvironnement Canada, |c2007. |
| 300 | |a46 p.|bcartes, références, tableaux |
| 500 | |a«Population des Grands Lacs et du Saint-Laurent, menacée; population carolinienne, en voie de disparition, 2007» |
| 500 | |aPubl. aussi en anglais sous le titre : COSEWIC assessment and update status report on the Gray Ratsnake, Elaphe spiloides, Great Lakes/St. Lawrence population, Carolinian population, in Canada. |
| 590 | |a07-50|b2007-12-14 |
| 691 | 07|aReptile|2gcpds |
| 775 | 08|tCOSEWIC assessment and update status report on the Gray Ratsnake, Elaphe spiloides, Great Lakes/St. Lawrence population, Carolinian population, in Canada |w(CaOODSP)9.562099 |
| 794 | |tÉvaluation et rapport de situation du COSEPAC sur la couleuvre ratière grise, Pantherophis spiloides, population des Grands Lacs et du Saint-Laurent, population carolinienne, au Canada / |w(CaOODSP)9.862191 |
| 856 | 40|ahttp://publications.gc.ca|qPDF|s997 Ko|uhttps://publications.gc.ca/collections/collection_2007/ec/CW69-14-529-2007F.pdf |